Statistics for Ohio State Basketball 2021-2022 Roster

Click here to take the quiz!

General Stats

  • This quiz has been taken 9 times
  • The average score is 10 of 15

Answer Stats

HintAnswer% Correct
FE.J. Liddell
100%
FJustin Ahrens
89%
FKyle Young
89%
GMalaki Branham
89%
FZed Key
89%
GJamari Wheeler
78%
GJimmy Sotos
78%
CJoey Brunk
67%
FJustice Sueing
67%
GMeechie Johnson Jr.
67%
GEugene Brown III
56%
FSeth Towns
56%
GCedric Russell
44%
FKalen Etzler
44%
FHarrison Hookfin
33%

Score Distribution

Percentile by Number Answered

Percent of People with Each Score

Your Score History

You have not taken this quiz